| 000 | 00654cam a22002411 4500 | ||
|---|---|---|---|
| 001 | sa 67005110 | ||
| 003 | DLC | ||
| 005 | 20260227112354.0 | ||
| 008 | 891010s1966 ii b 000 0 hino | ||
| 010 | _asa 67005110 | ||
| 035 | _a(OCoLC)20463364 | ||
| 040 |
_aDLC _cWaU _dDLC |
||
| 042 | _apremarc | ||
| 050 | 0 | 0 |
_aPN6519.H55 _bD3 |
| 100 | 1 |
_aDakshina Murthy, N. S., _d1934- |
|
| 245 | 1 | 0 | _aHindī aura Telugu kahāvatoṃ kā tulanātmaka adhyayana. |
| 260 | _c1966. | ||
| 300 |
_a9, 297, 32 p. _c22 cm. |
||
| 500 | _aIn Hindi. | ||
| 504 | _aBibliography: p. [25]-27 (last group) | ||
| 650 | 0 | _aProverbs, Hindi. | |
| 650 | 0 | _aProverbs, Telugu. | |
| 999 |
_c74973 _d74973 |
||